[Event "Kupec Memorial R2 email"]
[Site "Remote email"]
[Date "2013.10.01"]
[Round "?"]
[White "Allerberger, Peter"]
[Black "Cabrera Trujillo, Claudio Tomas"]
[Result "1-0"]
[WhiteElo "2520"]
[BlackElo "1912"]
[PlyCount "63"]
[EventDate "2013.??.??"]
[EventType "tourn (corr)"]
[EventRounds "6"]
[EventCountry "GER"]
[SourceTitle "Corr 2015"]
[Source "ChessBase"]
[SourceDate "2015.07.17"]
[SourceVersion "1"]
[SourceVersionDate "2015.07.17"]
[SourceQuality "1"]

1. d4 Nf6 2. c4 e6 3. Nc3 Bb4 4. Qc2 0-0 5. Nf3 d5 6. a3 Be7 7. Bf4 Nh5 8. Bd2 Nf6 9. Bf4 Nh5 10. Be5 Nf6 11. e3 Nbd7 12. Bg3 a6 13. Rd1 dxc4 14. Bxc4 b5 15. Bd3 Bb7 16. 0-0 Bd6 17. Ne5 h6 18. f4 Rc8 19. b4 Nb6 20. Bh4 Be7 21. f5 Nbd5 22. fxe6 Nxe3 23. exf7+ Rxf7 24. Nxf7 Kxf7 25. Qa2+ Bd5 26. Nxd5 Qxd5 27. Qxd5+ Nexd5 28. Rc1 Bd6 29. Rc6 Ra8 30. Be4 Kg8 31. Rxd6 cxd6 32. Bxf6 1-0

[Event "Kupec Memorial R2 email"]
[Site "Remote email"]
[Date "2013.10.01"]
[Round "?"]
[White "Scheiba, Manfred"]
[Black "Allerberger, Peter"]
[Result "1/2-1/2"]
[WhiteElo "2543"]
[BlackElo "2520"]
[PlyCount "29"]
[EventDate "2013.??.??"]
[EventType "tourn (corr)"]
[EventRounds "6"]
[EventCountry "GER"]
[SourceTitle "Corr 2015"]
[Source "ChessBase"]
[SourceDate "2015.07.17"]
[SourceVersion "1"]
[SourceVersionDate "2015.07.17"]
[SourceQuality "1"]

1. d4 d5 2. c4 c6 3. Nf3 Nf6 4. Nc3 e6 5. Bg5 h6 6. Bxf6 Qxf6 7. e3 Bd6 8. Bd3 Qe7 9. 0-0 0-0 10. e4 dxc4 11. Bxc4 e5 12. Nxe5 Bxe5 13. dxe5 Qxe5 14. Qd2 Be6 15. Bxe6 1/2-1/2

[Event "Remote-chT2 Bd.1/2 email"]
[Site "Remote email"]
[Date "2013.02.15"]
[Round "?"]
[White "Allerberger, Peter"]
[Black "Figura, Atila Gajo"]
[Result "1/2-1/2"]
[WhiteElo "2521"]
[BlackElo "2377"]
[PlyCount "91"]
[EventDate "2013.??.??"]
[EventType "tourn (corr)"]
[EventRounds "8"]
[EventCountry "GER"]
[SourceTitle "Corr 2015"]
[Source "ChessBase"]
[SourceDate "2015.07.17"]
[SourceVersion "1"]
[SourceVersionDate "2015.07.17"]
[SourceQuality "1"]

1. e4 e5 2. Nf3 Nc6 3. Bb5 a6 4. Ba4 Nf6 5. 0-0 Be7 6. Re1 b5 7. Bb3 d6 8. c3 0-0 9. h3 Bb7 10. d4 Re8 11. Nbd2 Bf8 12. a4 h6 13. Bc2 exd4 14. cxd4 Nb4 15. Bb1 c5 16. d5 Nd7 17. Ra3 f5 18. Nh2 Nf6 19. Rf3 Re5 20. Rxf5 Rxf5 21. exf5 Bxd5 22. Ng4 Ra7 23. Nf3 bxa4 24. Qxa4 Bxf3 25. gxf3 h5 26. Nxf6+ Qxf6 27. Kg2 Re7 28. Rxe7 Qxe7 29. Bd2 Qd8 30. f6 d5 31. fxg7 Bxg7 32. f4 Qe7 33. Bxb4 cxb4 34. Qxa6 Bxb2 35. Qa8+ Kg7 36. Qxd5 h4 37. Bc2 Bc3 38. Bb3 Kh6 39. Kf3 Bb2 40. f5 Qg5 41. Qe6+ Kg7 42. Ke2 Bc3 43. Bd5 Qd2+ 44. Kf3 Qg5 45. Bc4 Kh7 46. Bb3 1/2-1/2

[Event "Remote-chT2 Bd.1/1 email"]
[Site "Remote email"]
[Date "2012.11.05"]
[Round "?"]
[White "Diele, Ralf"]
[Black "Allerberger, Peter"]
[Result "0-1"]
[WhiteElo "2124"]
[BlackElo "2521"]
[PlyCount "70"]
[EventDate "2012.??.??"]
[EventType "tourn (corr)"]
[EventRounds "8"]
[EventCountry "GER"]
[SourceTitle "Corr 2015"]
[Source "ChessBase"]
[SourceDate "2015.07.17"]
[SourceVersion "1"]
[SourceVersionDate "2015.07.17"]
[SourceQuality "1"]

1. d4 Nf6 2. c4 e6 3. Nf3 d5 4. Nc3 c6 5. e3 Nbd7 6. Qc2 Bd6 7. g4 h6 8. h3 0-0 9. Bd2 dxc4 10. Bxc4 b5 11. Bd3 Bb7 12. g5 hxg5 13. Nxg5 Qe7 14. Rg1 Rac8 15. Nge4 Nxe4 16. Nxe4 Bh2 17. Rf1 c5 18. Nxc5 Bg2 19. b4 e5 20. Bxb5 exd4 21. Bxd7 Qxd7 22. Nxd7 Rxc2 23. Nxf8 Bxf1 24. Nd7 Bxh3 25. Nc5 dxe3 26. Bxe3 Be5 27. Rd1 Bc3+ 28. Bd2 Bg4 29. Bxc3 Bxd1 30. Bd4 Bf3 31. a3 Re2+ 32. Kf1 Rd2 33. Bc3 Rc2 34. Be1 Rc4 35. Na4 Rh4 0-1

[Event "Paulinares Memorial email"]
[Site "Remote email"]
[Date "2012.10.01"]
[Round "?"]
[White "Allerberger, Peter"]
[Black "Bauer, Robert"]
[Result "1/2-1/2"]
[WhiteElo "2537"]
[BlackElo "2608"]
[PlyCount "63"]
[EventDate "2012.??.??"]
[EventType "tourn (corr)"]
[EventRounds "11"]
[EventCountry "GER"]
[SourceTitle "Corr 2015"]
[Source "ChessBase"]
[SourceDate "2015.07.17"]
[SourceVersion "1"]
[SourceVersionDate "2015.07.17"]
[SourceQuality "1"]

1. e4 c5 2. Nf3 Nc6 3. d4 cxd4 4. Nxd4 Nf6 5. Nc3 e5 6. Ndb5 d6 7. Bg5 a6 8. Na3 b5 9. Bxf6 gxf6 10. Nd5 f5 11. Bd3 Be6 12. 0-0 Bg7 13. Qh5 f4 14. c4 b4 15. Nc2 a5 16. a3 b3 17. Ne1 Nd4 18. a4 Rb8 19. Nf3 Nxf3+ 20. Qxf3 0-0 21. Rfd1 Qg5 22. Be2 Rfc8 23. Qc3 f5 24. f3 Kh8 25. Kh1 Rg8 26. Qxa5 Bf6 27. Rg1 Rg6 28. g4 fxg4 29. fxg4 Bd8 30. Qa7 Rc8 31. Raf1 Rc5 32. Rd1 1/2-1/2

[Event "Remote S7E High-131 email"]
[Site "Remote email"]
[Date "2012.08.23"]
[Round "?"]
[White "Kirwald, Franz"]
[Black "Allerberger, Peter"]
[Result "1/2-1/2"]
[WhiteElo "2374"]
[BlackElo "2557"]
[PlyCount "66"]
[EventDate "2012.??.??"]
[EventType "tourn (corr)"]
[EventRounds "6"]
[EventCountry "GER"]
[SourceTitle "Corr 2015"]
[Source "ChessBase"]
[SourceDate "2015.07.17"]
[SourceVersion "1"]
[SourceVersionDate "2015.07.17"]
[SourceQuality "1"]

1. e4 c5 2. Nf3 d6 3. d4 cxd4 4. Nxd4 Nf6 5. Nc3 a6 6. Bg5 e6 7. Be2 Nbd7 8. 0-0 Qc7 9. Bh5 g6 10. Bf3 Bg7 11. a4 0-0 12. a5 Rb8 13. Nb3 b5 14. axb6 Nxb6 15. Bf4 e5 16. Bg5 Be6 17. Qc1 Nc4 18. Rxa6 Rfc8 19. Bxf6 Bxf6 20. Nd5 Bxd5 21. exd5 Bg7 22. Bg4 f5 23. Be2 Qb7 24. Bxc4 Rxc4 25. Rxd6 Qc7 26. Rc6 Rxc6 27. dxc6 e4 28. h4 Qxc6 29. h5 Re8 30. c3 Rb8 31. h6 Rxb3 32. hxg7 Qb6 33. Qg5 Qd6 1/2-1/2

[Event "Kupec Memorial R1 email"]
[Site "Remote email"]
[Date "2012.03.10"]
[Round "?"]
[White "Allerberger, Peter"]
[Black "Wittig, Frank"]
[Result "1-0"]
[WhiteElo "2553"]
[BlackElo "2312"]
[PlyCount "73"]
[EventDate "2012.??.??"]
[EventType "tourn (corr)"]
[EventRounds "6"]
[EventCountry "GER"]
[SourceTitle "Corr 2015"]
[Source "ChessBase"]
[SourceDate "2015.07.17"]
[SourceVersion "1"]
[SourceVersionDate "2015.07.17"]
[SourceQuality "1"]

1. e4 e5 2. Bc4 Nc6 3. Nf3 Nf6 4. d3 Bc5 5. Nc3 h6 6. Nd5 d6 7. Be3 0-0 8. Bxc5 dxc5 9. Ne3 a6 10. 0-0 Qe7 11. c3 Be6 12. Bd5 Qd6 13. Bxc6 bxc6 14. Qc2 Ng4 15. Nf5 Bxf5 16. exf5 Nf6 17. Rfe1 Rfe8 18. Re2 Re7 19. Rae1 Rae8 20. c4 Kh7 21. h3 Nd7 22. Nd2 Qf6 23. g4 Rg8 24. Ne4 Qh4 25. Kg2 g6 26. fxg6+ Rxg6 27. Ng3 Re8 28. Qd2 Qd8 29. f4 Rge6 30. Re4 exf4 31. Qxf4 Qf6 32. Rxe6 Qxf4 33. Rxe8 Qd2+ 34. R1e2 Qxd3 35. b3 Nf6 36. R8e3 Qd8 37. Rf3 1-0

[Event "Kupec Memorial R1 email"]
[Site "Remote email"]
[Date "2012.03.10"]
[Round "?"]
[White "Boehme, Sebastian"]
[Black "Allerberger, Peter"]
[Result "1-0"]
[WhiteElo "2539"]
[BlackElo "2553"]
[PlyCount "91"]
[EventDate "2012.??.??"]
[EventType "tourn (corr)"]
[EventRounds "6"]
[EventCountry "GER"]
[SourceTitle "Corr 2015"]
[Source "ChessBase"]
[SourceDate "2015.07.17"]
[SourceVersion "1"]
[SourceVersionDate "2015.07.17"]
[SourceQuality "1"]

1. e4 c5 2. Nf3 d6 3. d4 cxd4 4. Nxd4 Nf6 5. Nc3 a6 6. f3 e5 7. Nb3 Be6 8. Be3 Nbd7 9. Qd2 Be7 10. g4 h6 11. 0-0-0 b5 12. h4 Nb6 13. Qf2 Nfd7 14. Kb1 Nc4 15. Bxc4 bxc4 16. Nc1 Rb8 17. N1e2 h5 18. gxh5 Rxh5 19. f4 Nf6 20. f5 Bd7 21. Ng3 Rh7 22. Qe2 a5 23. Qxc4 a4 24. h5 Qa5 25. Bd2 Qb6 26. Bc1 Qb7 27. Nd5 Nxd5 28. exd5 Qb4 29. Qe2 Kd8 30. Qf3 f6 31. a3 Qc4 32. Ne4 Be8 33. Nc3 Bf8 34. Rde1 Bf7 35. Re4 Bxd5 36. Nxd5 Qxd5 37. Qg4 Rc8 38. Rh3 Qb5 39. Rxa4 Qd7 40. Bd2 Ke7 41. b3 Kf7 42. Qg6+ Kg8 43. h6 e4 44. Rxe4 Rc5 45. Re8 Rc8 46. Re1 1-0

[Event "Kupec Memorial R1 email"]
[Site "Remote email"]
[Date "2012.03.10"]
[Round "?"]
[White "Valverde Lopez, Mario"]
[Black "Allerberger, Peter"]
[Result "0-1"]
[WhiteElo "1818"]
[BlackElo "2553"]
[PlyCount "92"]
[EventDate "2012.??.??"]
[EventType "tourn (corr)"]
[EventRounds "6"]
[EventCountry "GER"]
[SourceTitle "Corr 2015"]
[Source "ChessBase"]
[SourceDate "2015.07.17"]
[SourceVersion "1"]
[SourceVersionDate "2015.07.17"]
[SourceQuality "1"]

1. Nc3 c5 2. e4 Nc6 3. Nf3 e6 4. d4 cxd4 5. Nxd4 Nf6 6. Bg5 Bb4 7. Ndb5 h6 8. Nd6+ Ke7 9. Bxf6+ gxf6 10. Ndb5 a6 11. Nd4 d5 12. Qd3 Qb6 13. 0-0-0 Qxd4 14. Qxd4 Nxd4 15. Rxd4 Bxc3 16. bxc3 dxe4 17. Rxe4 Bd7 18. Rg1 f5 19. Rb4 Bc6 20. g3 Rac8 21. Kb2 e5 22. Bg2 e4 23. Rd1 Kf6 24. Rc4 Rce8 25. Rcd4 h5 26. h4 Rhg8 27. Re1 Rd8 28. Red1 e3 29. Bxc6 Rxd4 30. cxd4 bxc6 31. fxe3 Rxg3 32. d5 cxd5 33. Rxd5 Rxe3 34. Rd6+ Ke5 35. Rd7 Re4 36. Re7+ Kf6 37. Ra7 Rxh4 38. Rxa6+ Kg5 39. Ra7 Re4 40. Rxf7 h4 41. Rh7 f4 42. Rg7+ Kf5 43. Kc3 h3 44. Kd3 Re3+ 45. Kd2 Rg3 46. Rh7 Rg2+ 0-1

[Event "Remote Superturnier 15 email"]
[Site "Remote email"]
[Date "2011.12.01"]
[Round "?"]
[White "Allerberger, Peter"]
[Black "Boehme, Sebastian"]
[Result "1/2-1/2"]
[WhiteElo "2539"]
[BlackElo "2528"]
[PlyCount "61"]
[EventDate "2011.??.??"]
[EventType "tourn (corr)"]
[EventRounds "14"]
[EventCountry "GER"]
[SourceTitle "Corr 2015"]
[Source "ChessBase"]
[SourceDate "2015.07.17"]
[SourceVersion "1"]
[SourceVersionDate "2015.07.17"]
[SourceQuality "1"]

1. e4 e5 2. Nf3 Nc6 3. Bb5 a6 4. Ba4 Nf6 5. 0-0 Be7 6. Re1 b5 7. Bb3 0-0 8. h3 Bb7 9. d3 d5 10. exd5 Nxd5 11. Nxe5 Nxe5 12. Rxe5 Qd6 13. Re1 Rae8 14. Nd2 Nf6 15. a4 Bd8 16. Nf1 Rxe1 17. Qxe1 c5 18. Qe2 Bc7 19. axb5 axb5 20. Be3 Re8 21. c4 b4 22. Rd1 h6 23. Rd2 Qc6 24. f3 Nh5 25. Qf2 Nf4 26. d4 cxd4 27. Rxd4 Ne6 28. Rd2 Nf4 29. Kh1 Be5 30. Kg1 Bc7 31. Rd4 1/2-1/2